[Event "CZE-chT2D 0809"]
[Site "Czech Republic"]
[Date "2009.02.08"]
[Round "8.8"]
[White "Sedlak, Jozef"]
[Black "Trhal, Michal"]
[Result "0-1"]
[WhiteElo "1969"]
[BlackElo "1992"]
[PlyCount "56"]
[EventDate "2008.10.12"]
[EventType "team-tourn"]
[EventRounds "11"]
[EventCountry "CZE"]
[SourceTitle "EXT 2010"]
[Source "ChessBase"]
[SourceDate "2010.11.25"]
[SourceVersion "1"]
[SourceVersionDate "2010.11.25"]
[SourceQuality "1"]

1. d4 Nf6 2. e3 g6 3. c3 Bg7 4. Bd3 0-0 5. f4 d5 6. Nf3 Ne4 7. 0-0 f5 8. Nbd2 Nd7 9. Ne5 Nxe5 10. fxe5 Nxd2 11. Bxd2 Be6 12. Rf3 c5 13. Qe1 Qb6 14. b3 Rac8 15. Bc2 Rc7 16. Qh4 cxd4 17. exd4 Bxe5 18. Kh1 Bf6 19. Qf2 Bxd4 20. Qe2 Bf6 21. Rc1 Bf7 22. Bb1 e5 23. Rg3 d4 24. Bxf5 dxc3 25. Bh6 Re8 26. Bg4 Qa5 27. Bf5 e4 28. Rc2 Qxf5 0-1

[Event "CZE-chT2D 0809"]
[Site "Czech Republic"]
[Date "2008.12.07"]
[Round "4.8"]
[White "Nespurek, Petr"]
[Black "Sedlak, Jozef"]
[Result "1-0"]
[WhiteElo "1389"]
[BlackElo "1969"]
[PlyCount "58"]
[EventDate "2008.10.12"]
[EventType "team-tourn"]
[EventRounds "11"]
[EventCountry "CZE"]
[SourceTitle "EXT 2010"]
[Source "ChessBase"]
[SourceDate "2010.11.25"]
[SourceVersion "1"]
[SourceVersionDate "2010.11.25"]
[SourceQuality "1"]

1. e4 e5 2. Nf3 d6 3. Bc4 Qe7 4. Nc3 c6 5. 0-0 Bg4 6. h3 Bh5 7. d3 f6 8. Qe2 Bf7 9. Bb3 Qc7 10. Nh2 Bxb3 11. axb3 Ne7 12. f4 exf4 13. Bxf4 Ng6 14. Be3 Be7 15. Rxa7 Rxa7 16. Bxa7 b6 17. Bxb8 Qxb8 18. Nf3 0-0 19. Ra1 b5 20. Qe1 f5 21. exf5 Rxf5 22. Qe4 Qc8 23. Nd4 d5 24. Qxf5 Qc7 25. Ra8+ Nf8 26. Ne6 Qd6 27. Nxf8 Bxf8 28. Rxf8+ Qxf8 29. Qxf8+ Kxf8 1-0